00831npm a2200205 i 45000010005000000030009000050050017000140070014000310080041000450800009000861000038000952450135001332600065002683000032003335000069003655050116004346500019005507000035005698520021006045303ES-MaACL20230909110925.0hzrazu bucu900430r19901828fr b 00010 fre d a8.091 aSchlegel, Friedrich (d1772-1829)10aHistoire de la Litterature ancienne et moderne b: [Microforma] /cpar F. Schlegel ; traduit de l'allemand... par William Duckett. aMadrid : bAteneo Cientifico, Literario y Artistico, c1990. a3 microfichas : bnegativo. aPublicado originalmente: Paris, Geneve Cherbulier, 1828, en 2 v.8 aMicroficha n. 1: Tomo 1 (p.399) -- Microficha n. 2: Tomo 1 a tomo 2 (p.340) -- Microficha n. 3: Tomo 2 a tomo 314aObras de 1800.1 aDuckett, William (d1805-1873) aES-MaACLjMCF-46